[Event "80.Camp. Veneto Quarti di Finale"]
[Site "Sottomarina ITA"]
[Date "2021.06.05"]
[Round "2.19"]
[White "Zanatta, Domenico"]
[Black "Fiolo, Costanza"]
[Result "0-1"]
[WhiteElo "1198"]
[BlackElo "1679"]
[Annotator "Gabriele Ballarin"]
[PlyCount "78"]
[EventDate "2021.06.04"]
[EventType "swiss"]
[EventRounds "5"]
[EventCountry "ITA"]

1. e4 e6 2. d4 d5 3. exd5 exd5 4. Qe2+ Be7 5. Nc3 Nf6 6. Bf4 a6 7. Nf3 Nc6 8. Ne5 Nxd4 9. Qd2 c5 10. O-O-O Qa5 11. Bd3 b5 12. a3 b4 13. Nb1 Be6 14. Rhe1 Qb6 15. a4 Rc8 16. Be3 Nc6 17. Nf3 h6 18. b3 d4 19. Bf4 Nd5 20. Bg3 Na5 21. Ne5 Bg5 22. f4 Bf6 23. Nc4 Nxc4 24. Bxc4 Ne3 25. Rxe3 dxe3 26. Qxe3 O-O 27. Bd3 Qc6 28. Qe2 Rcd8 29. Nd2 c4 30. Nxc4 Bxc4 31. Bxc4 Rxd1+ 32. Kxd1 Rd8+ 33. Kc1 Qc5 34. Bf2 Qf5 35. Be3 Re8 36. Bd3 Qe6 37. Bxa6 Qxe3+ 38. Qxe3 Rxe3 39. Kd1 Bc3 0-1

[Event "80.Camp. Veneto Quarti di Finale"]
[Site "Sottomarina ITA"]
[Date "2021.06.05"]
[Round "3.1"]
[White "Cappelletto, Joshuaede"]
[Black "Basso, Pier Luigi"]
[Result "1/2-1/2"]
[WhiteElo "2206"]
[BlackElo "2550"]
[Annotator "Gabriele Ballarin"]
[PlyCount "90"]
[EventDate "2021.06.04"]
[EventType "swiss"]
[EventRounds "5"]
[EventCountry "ITA"]

1. e4 e5 2. Nf3 Nc6 3. Nc3 Nf6 4. Bb5 Bd6 5. O-O O-O 6. Re1 a6 7. Bc4 Bc5 8. d3 h6 9. Be3 Bxe3 10. Rxe3 d6 11. a3 Nd4 12. h3 c6 13. Re1 Be6 14. Bxe6 fxe6 15. Nxd4 exd4 16. Ne2 e5 17. c3 dxc3 18. bxc3 b5 19. Ng3 Nd7 20. a4 Qf6 21. Re2 Nc5 22. axb5 axb5 23. Rea2 Ra4 24. Qc2 Rfa8 25. Nf5 Qe6 26. c4 Kh7 27. Ne3 Rxa2 28. Rxa2 Rxa2 29. Qxa2 b4 30. Qb1 b3 31. Nf1 Qf7 32. Nd2 Qb7 33. d4 exd4 34. e5+ d3 35. exd6 Kg8 36. Nxb3 Nxb3 37. Qxd3 Nc5 38. Qe3 Qb1+ 39. Kh2 Qb4 40. Qe8+ Kh7 41. Qxc6 Qxc4 42. d7 Qf4+ 43. Kg1 Qc1+ 44. Kh2 Qf4+ 45. Kg1 Qc1+ 1/2-1/2

[Event "80.Camp. Veneto Quarti di Finale"]
[Site "Sottomarina ITA"]
[Date "2021.06.05"]
[Round "3.2"]
[White "Lodici, Lorenzo"]
[Black "Simonetto, Alessio"]
[Result "1-0"]
[WhiteElo "2487"]
[BlackElo "2114"]
[Annotator "Gabriele Ballarin"]
[PlyCount "43"]
[EventDate "2021.06.04"]
[EventType "swiss"]
[EventRounds "5"]
[EventCountry "ITA"]

1. d4 d5 2. c4 e6 3. Nf3 c6 4. g3 Bb4+ 5. Nbd2 dxc4 6. Bg2 Nf6 7. O-O b5 8. b3 c3 9. Nb1 Bb7 10. Ne5 O-O 11. a3 Bd6 12. Nxc3 Qc7 13. Bf4 Nd5 14. Ne4 Nxf4 15. gxf4 Rd8 16. e3 Nd7 17. Qh5 Nf8 18. Rfc1 Rac8 19. a4 b4 20. a5 f6 21. Nxd6 Rxd6 22. Nd3 1-0

[Event "80.Camp. Veneto Quarti di Finale"]
[Site "Sottomarina ITA"]
[Date "2021.06.05"]
[Round "3.3"]
[White "Doric, Senad"]
[Black "Barp, Alberto"]
[Result "0-1"]
[WhiteElo "2068"]
[BlackElo "2367"]
[Annotator "Gabriele Ballarin"]
[PlyCount "102"]
[EventDate "2021.06.04"]
[EventType "swiss"]
[EventRounds "5"]
[EventCountry "ITA"]

1. d4 Nf6 2. c4 e6 3. Nf3 d5 4. Nc3 Bb4 5. Qa4+ Nc6 6. Ne5 Bd7 7. Nxd7 Qxd7 8. e3 O-O 9. a3 Bxc3+ 10. bxc3 Rfe8 11. Be2 e5 12. cxd5 Nxd5 13. Qc2 exd4 14. cxd4 Nf4 15. Bb2 Nxe2 16. Qxe2 Qd5 17. O-O Rad8 18. Rac1 Rd7 19. Qg4 f5 20. Qh5 Qf7 21. Qxf7+ Kxf7 22. Rc5 Ne7 23. g3 Nd5 24. Ra5 a6 25. Rb1 Re6 26. Rc1 Rb6 27. Rc2 Rb5 28. Rxb5 axb5 29. Rc5 c6 30. Kf1 Re7 31. h4 Re8 32. Bc1 Ra8 33. f3 Ra4 34. Ke2 g6 35. e4 fxe4 36. fxe4 Nf6 37. Kd3 Ra8 38. Rc2 Ke6 39. Rf2 h5 40. Re2 Ng4 41. Kc3 Rf8 42. Bf4 Ra8 43. Kb3 Ra4 44. Rd2 Nf6 45. d5+ cxd5 46. exd5+ Nxd5 47. Re2+ Kf7 48. Bd6 Rd4 49. Kc2 b4 50. a4 Nc3 51. Re7+ Kf6 0-1

[Event "80.Camp. Veneto Quarti di Finale"]
[Site "Sottomarina ITA"]
[Date "2021.06.05"]
[Round "3.4"]
[White "Mileto, Gabriele"]
[Black "Desideri, Alessandro"]
[Result "1-0"]
[WhiteElo "2095"]
[BlackElo "1863"]
[Annotator "Gabriele Ballarin"]
[PlyCount "57"]
[EventDate "2021.06.04"]
[EventType "swiss"]
[EventRounds "5"]
[EventCountry "ITA"]

1. Nf3 g6 2. d4 Bg7 3. c4 d6 4. e4 Nd7 5. Nc3 e6 6. Be2 b6 7. O-O Bb7 8. Rb1 a6 9. Be3 h6 10. d5 e5 11. Ne1 g5 12. g3 Ne7 13. Qc2 O-O 14. Bg4 Nf6 15. Bh3 Bc8 16. Bxc8 Qxc8 17. f3 Nh7 18. g4 Ng6 19. Ne2 Re8 20. Ng3 Nf4 21. b4 Nf6 22. Nf5 Bf8 23. Nd3 c5 24. bxc5 bxc5 25. Bxf4 gxf4 26. Rb6 Qd7 27. Rfb1 Rec8 28. Qb2 Ra7 29. Nxe5 1-0

[Event "80.Camp. Veneto Quarti di Finale"]
[Site "Sottomarina ITA"]
[Date "2021.06.05"]
[Round "3.5"]
[White "Toniolo, Samuel"]
[Black "Marson, Luca"]
[Result "1-0"]
[WhiteElo "2021"]
[BlackElo "1831"]
[Annotator "Gabriele Ballarin"]
[PlyCount "111"]
[EventDate "2021.06.04"]
[EventType "swiss"]
[EventRounds "5"]
[EventCountry "ITA"]

1. e4 c5 2. Nf3 d6 3. d4 cxd4 4. Qxd4 Nc6 5. Bb5 Bd7 6. Bxc6 Bxc6 7. Nc3 Nf6 8. Bg5 e6 9. O-O-O Be7 10. Rhe1 O-O 11. Kb1 Qa5 12. Qd2 Rfd8 13. Nd4 h6 14. Bh4 Rac8 15. f3 b5 16. Ncxb5 Qxd2 17. Rxd2 Bxb5 18. Nxb5 a6 19. Nc3 g5 20. Bf2 Nd7 21. Ne2 Rb8 22. Nd4 Rdc8 23. Nb3 Ne5 24. Bd4 Nc4 25. Rdd1 a5 26. a4 Rb4 27. Bc3 Rxa4 28. Rd4 Bf6 29. Rxc4 Raxc4 30. Bxf6 Rxc2 31. Rc1 Rxc1+ 32. Nxc1 e5 33. h4 gxh4 34. Bxh4 Kg7 35. Be1 a4 36. Ne2 Kf6 37. Nc3 Rc4 38. Kc2 Ke6 39. g4 Kf6 40. Bh4+ Ke6 41. Bf2 Kf6 42. Kd3 Rc6 43. Nxa4 Kg6 44. b4 h5 45. gxh5+ Kxh5 46. b5 Rc1 47. Nc3 Rf1 48. Ke2 Rc1 49. Kd2 Rf1 50. Nd1 Kg6 51. b6 Rh1 52. b7 Rh8 53. Ba7 f5 54. b8=Q Rxb8 55. Bxb8 fxe4 56. fxe4 1-0

[Event "80.Camp. Veneto Quarti di Finale"]
[Site "Sottomarina ITA"]
[Date "2021.06.05"]
[Round "3.6"]
[White "Belloni, Umberto"]
[Black "Pasin, Mattia"]
[Result "0-1"]
[WhiteElo "1619"]
[BlackElo "1921"]
[Annotator "Gabriele Ballarin"]
[PlyCount "58"]
[EventDate "2021.06.04"]
[EventType "swiss"]
[EventRounds "5"]
[EventCountry "ITA"]

1. d4 d5 2. Bf4 c6 3. c3 Bf5 4. e3 Nf6 5. Bd3 Bxd3 6. Qxd3 Nbd7 7. Nd2 e6 8. Bg3 h5 9. f4 h4 10. Bf2 Ng4 11. h3 Nh6 12. Ngf3 Nf5 13. e4 dxe4 14. Nxe4 Nf6 15. Nxf6+ Qxf6 16. O-O-O Bd6 17. Ne5 O-O-O 18. Qf3 g5 19. Nxc6 Bxf4+ 20. Kb1 bxc6 21. Qxc6+ Bc7 22. Qa8+ Kd7 23. Qxa7 Ra8 24. Qb7 Rhb8 25. Qe4 Nd6 26. Qe2 Qf5+ 27. Qc2 Qa5 28. b3 Nb5 29. Kc1 Bf4+ 0-1

[Event "80.Camp. Veneto Quarti di Finale"]
[Site "Sottomarina ITA"]
[Date "2021.06.05"]
[Round "3.7"]
[White "Bordin, Silvia"]
[Black "Mattarella, Pietro"]
[Result "1-0"]
[WhiteElo "1941"]
[BlackElo "1721"]
[Annotator "Gabriele Ballarin"]
[PlyCount "105"]
[EventDate "2021.06.04"]
[EventType "swiss"]
[EventRounds "5"]
[EventCountry "ITA"]

1. e4 e6 2. d4 d5 3. Nc3 Nf6 4. e5 Nfd7 5. Nf3 c5 6. dxc5 Bxc5 7. Bd3 Nc6 8. Bf4 h6 9. Bg3 a6 10. O-O Bb6 11. a3 Bc7 12. Re1 g5 13. h3 b5 14. Qe2 Bb7 15. Nxd5 exd5 16. e6 Nc5 17. exf7+ Kxf7 18. Ne5+ Nxe5 19. Qh5+ Kf8 20. Bxe5 Bxe5 21. Rxe5 Bc8 22. Rae1 Bd7 23. Qf3+ Kg8 24. Qxd5+ Ne6 25. Bf5 Kg7 26. Bxe6 Bxe6 27. Qxe6 Rf8 28. Rd5 Qf6 29. Rd7+ Kg6 30. Qe4+ Qf5 31. Qxf5+ Kxf5 32. g4+ Kg6 33. Re6+ Rf6 34. Rdd6 Rxe6 35. Rxe6+ Kg7 36. Rc6 Ra7 37. Kg2 Ra8 38. Kg3 Ra7 39. h4 Ra8 40. hxg5 hxg5 41. f4 gxf4+ 42. Kxf4 Ra7 43. Kg5 Ra8 44. Rc7+ Kg8 45. Kh6 Rb8 46. g5 b4 47. g6 bxa3 48. bxa3 a5 49. c4 a4 50. c5 Re8 51. c6 Rf8 52. Rd7 Kh8 53. g7+ 1-0

[Event "80.Camp. Veneto Quarti di Finale"]
[Site "Sottomarina ITA"]
[Date "2021.06.05"]
[Round "3.8"]
[White "Rossato, Armando"]
[Black "Desideri, Leonardo"]
[Result "1-0"]
[WhiteElo "2061"]
[BlackElo "1793"]
[Annotator "Gabriele Ballarin"]
[PlyCount "77"]
[EventDate "2021.06.04"]
[EventType "swiss"]
[EventRounds "5"]
[EventCountry "ITA"]

1. d4 e6 2. Nf3 f5 3. g3 Nf6 4. Bg2 Be7 5. O-O O-O 6. c4 d6 7. b3 Ne4 8. Bb2 Bf6 9. Nbd2 Qe8 10. Qc2 Nxd2 11. Qxd2 Nc6 12. b4 e5 13. b5 Nxd4 14. Nxd4 exd4 15. Bxd4 Bxd4 16. Qxd4 f4 17. Rae1 fxg3 18. fxg3 Rxf1+ 19. Rxf1 Qe7 20. Bd5+ Be6 21. Bxb7 Rf8 22. Rxf8+ Kxf8 23. Bf3 Qg5 24. Qxa7 Qc1+ 25. Kf2 Qxc4 26. a4 g5 27. Qa8+ Kg7 28. Qe4 Qc5+ 29. Qe3 Qf5 30. g4 Qf6 31. Kg3 h5 32. gxh5 Qf5 33. Qd4+ Kg8 34. Bg4 Qf4+ 35. Qxf4 gxf4+ 36. Kxf4 Bc4 37. Ke3 Bb3 38. a5 Ba4 39. b6 1-0

[Event "80.Camp. Veneto Quarti di Finale"]
[Site "Sottomarina ITA"]
[Date "2021.06.05"]
[Round "3.9"]
[White "Fiolo, Costanza"]
[Black "Brotto, Alessandro"]
[Result "1/2-1/2"]
[WhiteElo "1679"]
[BlackElo "2042"]
[Annotator "Gabriele Ballarin"]
[PlyCount "51"]
[EventDate "2021.06.04"]
[EventType "swiss"]
[EventRounds "5"]
[EventCountry "ITA"]

1. d4 d5 2. Nc3 Nf6 3. Bf4 e6 4. Nb5 Na6 5. e3 c6 6. Nc3 Nc7 7. a3 Bd6 8. Nf3 Ne4 9. Bxd6 Nxd6 10. Bd3 f6 11. O-O O-O 12. Re1 b6 13. e4 dxe4 14. Nxe4 Bb7 15. c4 Qd7 16. Nxd6 Qxd6 17. Qc2 f5 18. Rad1 Rad8 19. Ne5 Ne8 20. c5 Qc7 21. Bc4 Bc8 22. cxb6 Qxb6 23. Nf3 Nc7 24. Ng5 Rxd4 25. Rxd4 Qxd4 26. Nxe6 1/2-1/2

[Event "80.Camp. Veneto Quarti di Finale"]
[Site "Sottomarina ITA"]
[Date "2021.06.05"]
[Round "3.10"]
[White "Zangrando, Gianpietro"]
[Black "Candian, Lorenzo"]
[Result "0-1"]
[WhiteElo "1719"]
[BlackElo "1976"]
[Annotator "Gabriele Ballarin"]
[PlyCount "28"]
[EventDate "2021.06.04"]
[EventType "swiss"]
[EventRounds "5"]
[EventCountry "ITA"]

1. Nf3 d5 2. d4 Nf6 3. g3 Bf5 4. Bg2 e6 5. c4 c6 6. Nc3 Bd6 7. Nd2 O-O 8. e4 dxe4 9. Ndxe4 Nxe4 10. Nxe4 Bxe4 11. Bxe4 Bb4+ 12. Kf1 Nd7 13. Qb3 Nf6 14. Bg5 Nxe4 0-1

[Event "80.Camp. Veneto Quarti di Finale"]
[Site "Sottomarina ITA"]
[Date "2021.06.05"]
[Round "3.11"]
[White "Corti, Lorenzo"]
[Black "Vizireanu, Dragos"]
[Result "0-1"]
[WhiteElo "1516"]
[BlackElo "1937"]
[Annotator "Gabriele Ballarin"]
[PlyCount "48"]
[EventDate "2021.06.04"]
[EventType "swiss"]
[EventRounds "5"]
[EventCountry "ITA"]

1. e4 e5 2. Nf3 Nf6 3. Nxe5 d6 4. Nf3 Nxe4 5. d4 d5 6. Bd3 Bd6 7. O-O O-O 8. c4 c6 9. Nc3 Nxc3 10. bxc3 dxc4 11. Bxh7+ Kxh7 12. Ng5+ Kg8 13. Qh5 Bf5 14. g4 Bg6 15. Qh3 Be7 16. f4 Bxg5 17. fxg5 Bd3 18. Rf2 Re8 19. Bf4 Qd5 20. Be5 Nd7 21. Bxg7 Kxg7 22. Qh6+ Kg8 23. Raf1 Re6 24. Rf6 Bxf1 0-1

[Event "80.Camp. Veneto Quarti di Finale"]
[Site "Sottomarina ITA"]
[Date "2021.06.05"]
[Round "3.12"]
[White "Rigo, Gianfrancesco"]
[Black "Penrossa, Nicolas"]
[Result "0-1"]
[WhiteElo "1876"]
[BlackElo "1698"]
[Annotator "Gabriele Ballarin"]
[PlyCount "54"]
[EventDate "2021.06.04"]
[EventType "swiss"]
[EventRounds "5"]
[EventCountry "ITA"]

1. e4 e5 2. Nf3 Nc6 3. d4 exd4 4. Bc4 Nf6 5. e5 d5 6. Bb5 Ne4 7. Nxd4 Bd7 8. Bxc6 bxc6 9. Be3 Qe7 10. O-O Qxe5 11. f3 Bd6 12. f4 Qe7 13. Qf3 O-O 14. Nd2 Rfe8 15. Rae1 c5 16. N4b3 c4 17. Nd4 c5 18. Ne2 d4 19. Nxe4 Qxe4 20. Qxe4 Rxe4 21. Bd2 Rae8 22. Kf2 Bc6 23. g3 c3 24. bxc3 Bb5 25. Nxd4 Bxf1 26. Rxe4 Rxe4 27. Nf5 Re2+ 0-1

[Event "80.Camp. Veneto Quarti di Finale"]
[Site "Sottomarina ITA"]
[Date "2021.06.05"]
[Round "3.13"]
[White "Ballarin, Gabriele"]
[Black "Roveroni, Silvia"]
[Result "1-0"]
[WhiteElo "1831"]
[BlackElo "999"]
[Annotator "Gabriele Ballarin"]
[PlyCount "67"]
[EventDate "2021.06.04"]
[EventType "swiss"]
[EventRounds "5"]
[EventCountry "ITA"]

1. e4 e5 2. Nf3 Nc6 3. Bc4 Bc5 4. c3 Qf6 5. d3 d6 6. Nbd2 h6 7. a4 a5 8. h3 Nge7 9. Nf1 Bd7 10. Ne3 O-O-O 11. Bd2 g5 12. g4 Na7 13. b4 Bb6 14. Ke2 Qg7 15. Qb3 Be8 16. Rhb1 h5 17. bxa5 hxg4 18. hxg4 Bd7 19. axb6 cxb6 20. Qxb6 Bc6 21. Qxa7 Ng6 22. Nf5 Qh7 23. Rh1 Nh4 24. Nxg5 Qg6 25. Ne7+ Kd7 26. Nxg6 fxg6 27. Bb5 Rhf8 28. Bxc6+ Kxc6 29. Rxh4 Rf6 30. Be3 Rdf8 31. Qb6+ Kd7 32. Rh7+ Ke8 33. Qb5+ Kd8 34. Qd7# 1-0

[Event "80.Camp. Veneto Quarti di Finale"]
[Site "Sottomarina ITA"]
[Date "2021.06.05"]
[Round "3.14"]
[White "Renier, Renzo"]
[Black "Rosina, Graziano"]
[Result "1/2-1/2"]
[WhiteElo "1922"]
[BlackElo "1755"]
[Annotator "Gabriele Ballarin"]
[PlyCount "92"]
[EventDate "2021.06.04"]
[EventType "swiss"]
[EventRounds "5"]
[EventCountry "ITA"]

1. e4 e5 2. Nf3 Nf6 3. Bc4 Nxe4 4. Qe2 d5 5. Bb3 Be7 6. d3 Nc5 7. Nxe5 Nxb3 8. axb3 O-O 9. d4 Re8 10. Be3 Bf6 11. Nf3 c5 12. c3 cxd4 13. Nxd4 Bxd4 14. cxd4 Nc6 15. Qd2 Qb6 16. O-O Qxb3 17. Nc3 Be6 18. Ra3 Qb4 19. Ra4 Qe7 20. Rfa1 a6 21. Bf4 Rac8 22. Re1 Qd7 23. Raa1 Bf5 24. Na4 Rxe1+ 25. Rxe1 Re8 26. Nc5 Rxe1+ 27. Qxe1 Qc8 28. Nxb7 Nxd4 29. Nd6 Qe6 30. Qxe6 Bxe6 31. Kf1 Kf8 32. Nb7 Ke7 33. Bd6+ Kf6 34. Nc5 a5 35. Bc7 Nc6 36. Nb3 d4 37. Nxa5 Nxa5 38. Bxa5 Bc4+ 39. Ke1 Ke6 40. Kd2 Kd5 41. Bc7 h5 42. h4 Bf1 43. g3 Ke4 44. Bb6 g6 45. b4 Bc4 46. Bc5 Bb5 1/2-1/2

[Event "80.Camp. Veneto Quarti di Finale"]
[Site "Sottomarina ITA"]
[Date "2021.06.05"]
[Round "3.16"]
[White "Crestani, Dario"]
[Black "Serea, Gabriele"]
[Result "0-1"]
[WhiteElo "1452"]
[BlackElo "1667"]
[Annotator "Gabriele Ballarin"]
[PlyCount "84"]
[EventDate "2021.06.04"]
[EventType "swiss"]
[EventRounds "5"]
[EventCountry "ITA"]

1. e4 e5 2. Nf3 Nc6 3. Bc4 Bc5 4. c3 Nf6 5. d4 exd4 6. e5 d5 7. Bb5 Ne4 8. cxd4 Bb4+ 9. Bd2 Bxd2+ 10. Nbxd2 O-O 11. Bxc6 bxc6 12. Qc2 Nxd2 13. Nxd2 Qg5 14. Qxc6 Qxg2 15. O-O-O Be6 16. f4 Rab8 17. Qc3 Qe2 18. Rde1 Qa6 19. a3 Bf5 20. Re3 Rfd8 21. Nb3 Qc4 22. Qxc4 dxc4 23. Na5 Rb6 24. Rd1 Bd3 25. d5 Rxd5 26. b4 c5 27. Nxc4 Bxc4 28. Rxd5 Bxd5 29. Rd3 cxb4 30. Rxd5 g6 31. a4 Kf8 32. Rb5 Rc6+ 33. Kb2 Rc4 34. Kb3 Rxf4 35. Rxb4 Rxb4+ 36. Kxb4 h5 37. Kb5 h4 38. Ka6 h3 39. Kxa7 g5 40. Kb8 g4 41. a5 g3 42. a6 gxh2 0-1

[Event "80.Camp. Veneto Quarti di Finale"]
[Site "Sottomarina ITA"]
[Date "2021.06.05"]
[Round "3.17"]
[White "Marson, Roy"]
[Black "Passon, Stefano"]
[Result "1-0"]
[WhiteElo "1756"]
[BlackElo "1765"]
[Annotator "Gabriele Ballarin"]
[PlyCount "109"]
[EventDate "2021.06.04"]
[EventType "swiss"]
[EventRounds "5"]
[EventCountry "ITA"]

1. e4 e5 2. Nf3 Nc6 3. Bb5 Nf6 4. d3 Bc5 5. Bxc6 dxc6 6. O-O Qe7 7. Nbd2 Bg4 8. Nc4 Nd7 9. Ne3 Bxe3 10. fxe3 O-O-O 11. Qe1 f6 12. Bd2 c5 13. b4 Nb6 14. a4 Kb8 15. Qb1 Rd7 16. a5 Nc8 17. bxc5 Qxc5 18. Kf2 Rhd8 19. Qb3 Nd6 20. Bb4 Qc6 21. Rfb1 Be6 22. Qb2 a6 23. Nd2 Rf7 24. Nf3 Bc8 25. Ke2 Qd7 26. h3 Qe6 27. Bxd6 Rxd6 28. Ra3 c5 29. Rb3 c4 30. Rb6 Rxb6 31. Qxb6 cxd3+ 32. cxd3 Rc7 33. Rb2 Rc6 34. Qb4 Qd6 35. Qxd6+ Rxd6 36. d4 exd4 37. exd4 Bd7 38. d5 f5 39. Ke3 fxe4 40. Kxe4 Bb5 41. Ke5 Kc7 42. Nd4 Rg6 43. Nxb5+ axb5 44. Rxb5 Rxg2 45. d6+ Kc6 46. Rb6+ Kc5 47. d7 Re2+ 48. Kf5 Rf2+ 49. Ke6 Re2+ 50. Kf7 Rd2 51. Rxb7 Kc6 52. a6 g5 53. Ke8 Re2+ 54. Kd8 Kd6 55. Kc8 1-0

[Event "80.Camp. Veneto Quarti di Finale"]
[Site "Sottomarina ITA"]
[Date "2021.06.05"]
[Round "3.18"]
[White "Le Van, Alessandro"]
[Black "Pigato, Alex"]
[Result "0-1"]
[WhiteElo "1550"]
[BlackElo "1825"]
[Annotator "Gabriele Ballarin"]
[PlyCount "120"]
[EventDate "2021.06.04"]
[EventType "swiss"]
[EventRounds "5"]
[EventCountry "ITA"]

1. e4 c5 2. c3 d5 3. exd5 Qxd5 4. d4 Nf6 5. Nf3 Bg4 6. Be2 Nc6 7. O-O e6 8. Re1 Be7 9. Be3 cxd4 10. cxd4 O-O 11. Nc3 Qd7 12. a3 Rfd8 13. Ne5 Nxe5 14. dxe5 Bxe2 15. Qxe2 Nd5 16. Nxd5 Qxd5 17. f4 Bc5 18. Rad1 Bxe3+ 19. Qxe3 Qb5 20. b4 Rd5 21. Rd4 a6 22. Rxd5 Qxd5 23. Qe4 Qxe4 24. Rxe4 b5 25. Kf2 g6 26. Ke3 a5 27. Kd4 axb4 28. axb4 Rc8 29. Re3 Rc4+ 30. Kd3 Rxb4 31. g3 Kg7 32. Kc3 Rc4+ 33. Kb3 Kh6 34. Rd3 g5 35. Rd7 Kg6 36. fxg5 Re4 37. Rd3 Kxg5 38. Rf3 Kg6 39. Rf6+ Kg7 40. Kc3 Rxe5 41. Rf4 f5 42. Kd4 Re2 43. Kc5 Rxh2 44. Kxb5 Kf6 45. Kc5 e5 46. Rf1 h5 47. Kd5 Rd2+ 48. Kc4 e4 49. Rg1 Kg5 50. Kc3 Rd3+ 51. Kc2 Kg4 52. Kc1 Rxg3 53. Rf1 f4 54. Kd1 Rg2 55. Ke1 e3 56. Rh1 f3 57. Kf1 Ra2 58. Rg1+ Kf4 59. Rg4+ hxg4 60. Kg1 g3 0-1

[Event "80.Camp. Veneto Quarti di Finale"]
[Site "Sottomarina ITA"]
[Date "2021.06.05"]
[Round "3.19"]
[White "Bonetti, Alberto"]
[Black "Cecchetto, Vanni"]
[Result "1/2-1/2"]
[WhiteElo "1386"]
[BlackElo "1752"]
[Annotator "Gabriele Ballarin"]
[PlyCount "35"]
[EventDate "2021.06.04"]
[EventType "swiss"]
[EventRounds "5"]
[EventCountry "ITA"]

1. e4 e6 2. d4 d5 3. e5 c5 4. c3 Nc6 5. Nf3 Nge7 6. a3 cxd4 7. cxd4 Nf5 8. b4 Qb6 9. Bb2 a5 10. b5 Be7 11. Qd2 Nd8 12. Be2 O-O 13. O-O f6 14. Rc1 Bd7 15. a4 Rc8 16. Rxc8 Bxc8 17. Nc3 Nf7 18. Na2 1/2-1/2

[Event "80.Camp. Veneto Quarti di Finale"]
[Site "Sottomarina ITA"]
[Date "2021.06.05"]
[Round "3.20"]
[White "Danese, Aldo"]
[Black "Zanatta, Domenico"]
[Result "1-0"]
[WhiteElo "1640"]
[BlackElo "1198"]
[Annotator "Gabriele Ballarin"]
[PlyCount "59"]
[EventDate "2021.06.04"]
[EventType "swiss"]
[EventRounds "5"]
[EventCountry "ITA"]

1. c4 Nf6 2. g3 e5 3. Bg2 c6 4. Nf3 d6 5. Nc3 Be6 6. d3 d5 7. cxd5 cxd5 8. Nxe5 Qb6 9. O-O Qd4 10. Nf3 Qb6 11. e3 Nc6 12. a3 Rd8 13. d4 Qa5 14. Bd2 Qc7 15. b4 Qd7 16. Rc1 Be7 17. Na4 Bg4 18. Qb3 Ne4 19. Be1 Bxf3 20. Bxf3 Bg5 21. Nc5 Qe7 22. b5 Nxd4 23. exd4 Bxc1 24. Nxe4 dxe4 25. Bb4 Qg5 26. Bxe4 Rxd4 27. Bxb7 Bf4 28. Bc6+ Kd8 29. Qxf7 Bb8 30. Ba5+ 1-0

[Event "80.Camp. Veneto Quarti di Finale"]
[Site "Sottomarina ITA"]
[Date "2021.06.06"]
[Round "4.1"]
[White "Barp, Alberto"]
[Black "Lodici, Lorenzo"]
[Result "1/2-1/2"]
[WhiteElo "2367"]
[BlackElo "2487"]
[Annotator "Gabriele Ballarin"]
[PlyCount "26"]
[EventDate "2021.06.04"]
[EventType "swiss"]
[EventRounds "5"]
[EventCountry "ITA"]

1. d4 d5 2. Nf3 Nf6 3. c4 dxc4 4. e3 e6 5. Bxc4 a6 6. O-O b5 7. Be2 Bb7 8. b3 Nbd7 9. Bb2 c5 10. Nbd2 Be7 11. a4 b4 12. Nc4 O-O 13. Nfe5 cxd4 1/2-1/2

[Event "80.Camp. Veneto Quarti di Finale"]
[Site "Sottomarina ITA"]
[Date "2021.06.06"]
[Round "4.2"]
[White "Basso, Pier Luigi"]
[Black "Mileto, Gabriele"]
[Result "1-0"]
[WhiteElo "2550"]
[BlackElo "2095"]
[Annotator "Gabriele Ballarin"]
[PlyCount "51"]
[EventDate "2021.06.04"]
[EventType "swiss"]
[EventRounds "5"]
[EventCountry "ITA"]

1. d4 Nf6 2. c4 g6 3. Nc3 d5 4. Qb3 dxc4 5. Qxc4 Bg7 6. e4 O-O 7. Be2 a6 8. Bf4 b5 9. Qxc7 Qxc7 10. Bxc7 Bb7 11. f3 Nc6 12. d5 Nd4 13. Bd3 Nd7 14. Rd1 Rac8 15. Ba5 e6 16. d6 Nc6 17. Bc7 Nc5 18. a3 Ne5 19. Be2 Bc6 20. Nh3 Nc4 21. Bxc4 bxc4 22. Nf2 Bd7 23. O-O Nb3 24. Rfe1 Bxc3 25. bxc3 f6 26. Ng4 1-0

[Event "80.Camp. Veneto Quarti di Finale"]
[Site "Sottomarina ITA"]
[Date "2021.06.06"]
[Round "4.3"]
[White "Pasin, Mattia"]
[Black "Cappelletto, Joshuaede"]
[Result "1-0"]
[WhiteElo "1921"]
[BlackElo "2206"]
[Annotator "Gabriele Ballarin"]
[PlyCount "83"]
[EventDate "2021.06.04"]
[EventType "swiss"]
[EventRounds "5"]
[EventCountry "ITA"]

1. d4 Nf6 2. c4 g6 3. Nc3 d5 4. Bf4 Bg7 5. Nf3 O-O 6. e3 c6 7. Be2 Bf5 8. O-O dxc4 9. Bxc4 Bg4 10. Qb3 Bxf3 11. Qxb7 Bxg2 12. Qxa8 Bxf1 13. Kxf1 Nh5 14. Qxb8 Qxb8 15. Bxb8 Rxb8 16. b3 c5 17. Nb5 cxd4 18. Nxd4 Bxd4 19. exd4 Rd8 20. Rc1 e6 21. Rd1 Nf4 22. a4 Kf8 23. f3 Ke7 24. Kf2 Kd6 25. Ke3 Ng2+ 26. Kd3 Nh4 27. b4 g5 28. Ke3 Rc8 29. Rc1 f5 30. Rc2 h5 31. b5 g4 32. fxg4 hxg4 33. a5 Nf3 34. b6 axb6 35. axb6 e5 36. dxe5+ Nxe5 37. b7 Rf8 38. Ba6 f4+ 39. Ke4 Nc6 40. Bb5 Na7 41. Rc8 Nxc8 42. b8=Q+ 1-0

[Event "80.Camp. Veneto Quarti di Finale"]
[Site "Sottomarina ITA"]
[Date "2021.06.06"]
[Round "4.5"]
[White "Vizireanu, Dragos"]
[Black "Doric, Senad"]
[Result "0-1"]
[WhiteElo "1937"]
[BlackElo "2068"]
[Annotator "Gabriele Ballarin"]
[PlyCount "148"]
[EventDate "2021.06.04"]
[EventType "swiss"]
[EventRounds "5"]
[EventCountry "ITA"]

1. e4 e5 2. Bc4 Nc6 3. Nf3 Bc5 4. c3 Nf6 5. d3 d6 6. O-O h6 7. Re1 Bg4 8. Nbd2 Qd7 9. b4 Bb6 10. Nf1 Bxf3 11. Qxf3 Qg4 12. Ng3 Qxf3 13. gxf3 Ne7 14. a4 c6 15. f4 Rd8 16. a5 Bc7 17. fxe5 dxe5 18. Be3 a6 19. Bc5 Nd7 20. Bxe7 Kxe7 21. Nf5+ Kf8 22. Rad1 g6 23. Ne3 Nf6 24. Rf1 Kg7 25. f3 Nh5 26. Kh1 Rd7 27. Ng2 Rhd8 28. Ra1 Nf6 29. Rfb1 Ne8 30. Ne1 Nd6 31. Bb3 Nb5 32. Rc1 Bd6 33. Bd1 Be7 34. Be2 c5 35. bxc5 Bxc5 36. d4 exd4 37. Bxb5 axb5 38. Nd3 Ba7 39. c4 bxc4 40. Rxc4 Re8 41. Rb1 g5 42. Rb5 Ree7 43. h3 Rc7 44. Rbb4 Rxc4 45. Rxc4 f5 46. e5 Kf7 47. Kg2 Ke6 48. Kf2 Bb8 49. a6 bxa6 50. Rc6+ Kf7 51. Rxa6 Bxe5 52. Nxe5+ Rxe5 53. Rd6 Ra5 54. Rxd4 Ra2+ 55. Kg3 f4+ 56. Kg4 Ke6 57. Rb4 Rg2+ 58. Kh5 Rg3 59. Kxh6 Ke5 60. Rb5+ Kd4 61. Kh5 Ke3 62. Rb3+ Kf2 63. Ra3 Rxh3+ 64. Kxg5 Rxf3 65. Ra4 Kg3 66. Rd4 Rf1 67. Ra4 f3 68. Rg4+ Kf2 69. Ra4 Re1 70. Kh4 Rh1+ 71. Kg4 Kg2 72. Ra3 Rh8 73. Rb3 Rg8+ 74. Kh4 f2 0-1